LIBRARY & INFORMATION CENTRE, KCAET, TAVANUR

ONLINE PUBLIC ACCESS CATALOGUE (OPAC)

Probability Theory with Applications (Record no. 14541)

MARC details
000 -LEADER
fixed length control field 00341nam a22001457a 4500
020 ## - INTERNATIONAL STANDARD BOOK NUMBER
ISBN 9788184896404
082 ## - DEWEY DECIMAL CLASSIFICATION NUMBER
Classification number 519.02462
Item number RAO/PR
100 ## - MAIN ENTRY--AUTHOR NAME
Personal name Rao, M.M.
100 ## - MAIN ENTRY--AUTHOR NAME
Personal name Swift, Randall,
245 ## - TITLE STATEMENT
Title Probability Theory with Applications
250 ## - EDITION STATEMENT
Edition statement 2 nd
260 ## - PUBLICATION, DISTRIBUTION, ETC. (IMPRINT)
Place of publication New York
Name of publisher Springer
Year of publication 2006
300 ## - PHYSICAL DESCRIPTION
Number of Pages 527
942 ## - ADDED ENTRY ELEMENTS (KOHA)
Koha item type Books
Holdings
Withdrawn status Lost status Damaged status Collection code Home library Current library Shelving location Date acquired Source of acquisition Cost, normal purchase price Full call number Accession Number Koha item type
        KAUAET KAUAET General Stacks 15/07/2016 Researchco Books and Periodicals, New Delhi 695.00 519.02462 RAO/PR 24364 Books
free website counter